000 00440nam a2200181Ia 4500
001 20267
005 20260306172753.0
008 260306t2009||||xx |||||||||||||| ||spa||
041 _aESP
082 _a343.1
_bE386A
100 _aEto Cruz, Gerardo
_eAUT
245 0 _aSyllabus de derecho procesal constitucional
260 _c2009
300 _a139 páginas :
_c24 cm.
650 _aGEN
654 _aCDE
942 _cLIB
_dJUS
_fJUS
_2ddc
_n
999 _c20267
_d20267